A szegedi árvíz emlékműve [szobor] /
Elmentve itt :
| Szerző: | |
|---|---|
| Dokumentumtípus: | Cikk |
| Megjelent: |
1979
|
| Sorozat: | Tiszatáj
33 No. 3 |
| Kulcsszavak: | Szobrászat - magyar |
| Online Access: | http://tiszataj.bibl.u-szeged.hu/10470 |
| LEADER | 00580nab a2200181 i 4500 | ||
|---|---|---|---|
| 001 | tisza10470 | ||
| 005 | 20200330142509.0 | ||
| 008 | 170612s1979 hu o 0|| hun d | ||
| 022 | |a 0133-1167 | ||
| 040 | |a SZTE Tiszatáj Archívum |b hun | ||
| 041 | |a hun | ||
| 100 | 1 | |a Segesdi György | |
| 245 | 1 | 2 | |a A szegedi árvíz emlékműve |h [elektronikus dokumentum] : |b [szobor] / |c Segesdi György |
| 260 | |c 1979 | ||
| 300 | |a 119 | ||
| 490 | 0 | |a Tiszatáj |v 33 No. 3 | |
| 695 | |a Szobrászat - magyar | ||
| 856 | 4 | 0 | |u http://tiszataj.bibl.u-szeged.hu/10470/1/tiszataj_1979_003_119.pdf |z Dokumentum-elérés |